[Event "14th EUR-ch"]
[Site "Legnica POL"]
[Date "2013.05.11"]
[Round "7"]
[White "Stanciu, Alexandru-Ovidiu"]
[Black "Sipila, Vilka"]
[Result "1/2-1/2"]
[WhiteElo "2335"]
[BlackElo "2445"]
[EventDate "2013.05.05"]
[PlyCount "147"]

1.d4 d5 2.Nf3 Nf6 3.g3 Bf5 4.Bg2 e6 5.O-O Be7 6.c4 O-O 7.Qb3 Nc6 8.cxd5 
exd5 9.Bf4 Na5 10.Qc3 c5 11.dxc5 Ne4 12.Qe1 Nc6 13.Nc3 Bxc5 14.Rd1 Nxc3 
15.Qxc3 Qb6 16.Rxd5 Bb4 17.Qe3 Be6 18.Rg5 Qxe3 19.Bxe3 a6 20.a3 Be7 21.Bc5
Bxg5 22.Bxf8 Bf6 23.Bc5 Bc4 24.Re1 Bxb2 25.Rb1 Bf6 26.Rxb7 Rd8 27.h4 Bxe2 
28.Ng5 Ne5 29.Rb1 Bxg5 30.hxg5 Nf3+ 31.Bxf3 Bxf3 32.Kh2 h6 33.Rb3 Bd1 34.
Be7 Rd2 35.Rb8+ Kh7 36.Kg2 Rd3 37.Rd8 Bf3+ 38.Kh2 Rc3 39.gxh6 gxh6 40.g4 
Bxg4 41.Rd6 Be2 42.Bf8 h5 43.Rf6 Kg8 44.Bb4 Rc4 45.Bd2 Kg7 46.Rf4 Rc2 47.
Be3 Ra2 48.Bc5 Kg6 49.Be7 f5 50.Kg2 Kf7 51.Bb4 Bd3 52.Kg3 Re2 53.Rd4 Bb5 
54.Rh4 Kg6 55.Rd4 Rc2 56.Rd6+ Kg7 57.Rd4 Rb2 58.Rd7+ Kg6 59.Rg7+ Kh6 60.
Bf8 f4+ 61.Kh4 Re2 62.a4 Re8 63.axb5 Rxf8 64.Rg5 axb5 65.Rxh5+ Kg6 66.Rxb5
f3 67.Kg4 Rf6 68.Rg5+ Kf7 69.Rf5 Ke6 70.Rxf6+ Kxf6 71.Kxf3 Kf5 72.Kg3 Kg5 
73.f4+ Kf5 74.Kf3 1/2-1/2

[Event "14th EUR-ch"]
[Site "Legnica POL"]
[Date "2013.05.11"]
[Round "7"]
[White "Diermair, Andreas"]
[Black "Deac, Bogdan-Daniel"]
[Result "0-1"]
[WhiteElo "2431"]
[BlackElo "2183"]
[EventDate "2013.05.05"]
[PlyCount "128"]

1.d4 Nf6 2.c4 c5 3.d5 b5 4.cxb5 a6 5.bxa6 g6 6.Nc3 Bxa6 7.Nf3 Bg7 8.e4 
Bxf1 9.Kxf1 d6 10.g3 O-O 11.Kg2 Nbd7 12.a4 Qa5 13.Bd2 Rfb8 14.Nb5 Qb6 15.
Qe2 Ne8 16.Bg5 Kf8 17.Nd2 Qa6 18.Qg4 Qb7 19.Qh4 f6 20.Be3 Kg8 21.Nc4 Nc7 
22.Nxc7 Qxc7 23.a5 Qb7 24.Rhc1 Re8 25.g4 Ra6 26.Qg3 Kh8 27.h4 f5 28.h5 
fxe4 29.hxg6 hxg6 30.Rh1+ Kg8 31.Rad1 Qb5 32.Rc1 Nf6 33.Qh4 Qd7 34.g5 Nxd5
35.Qxe4 Qf5 36.Qh4 Kf7 37.Qg3 Raa8 38.Rh4 Rh8 39.Rch1 Rxh4 40.Rxh4 Kg8 41.
Bd2 Rf8 42.a6 Bd4 43.Be3 Bg7 44.Bd2 Bd4 45.Be3 Nxe3+ 46.Nxe3 Qc8 47.Rh6 
Qa8+ 48.Kg1 Qxa6 49.Rxg6+ Kf7 50.Rh6 Qa1+ 51.Kg2 Qa8+ 52.Kg1 Qa1+ 53.Kg2 
Qa8+ 54.Kg1 Ke8 55.g6 Qa1+ 56.Kg2 Qa8+ 57.Kg1 Qa1+ 58.Kg2 Qa8+ 59.Kg1 Qe4 
60.Rh4 Qb1+ 61.Kg2 Bxe3 62.fxe3 Qf1+ 63.Kh2 Rf2+ 64.Qxf2 Qxf2+ 0-1

[Event "14th EUR-ch"]
[Site "Legnica POL"]
[Date "2013.05.11"]
[Round "7"]
[White "Maevsky, Nikolay"]
[Black "Khaetsky, Roman"]
[Result "0-1"]
[WhiteElo "2323"]
[BlackElo "2426"]
[EventDate "2013.05.05"]
[PlyCount "126"]

1.d4 c5 2.d5 f5 3.Nc3 Nf6 4.e4 fxe4 5.g4 h6 6.Bg2 e6 7.h3 exd5 8.Nxd5 Nc6 
9.Ne2 d6 10.Nef4 Nd4 11.O-O g5 12.Nxf6+ Qxf6 13.Nd5 Qf7 14.Bxe4 Be6 15.c4 
O-O-O 16.Kg2 Bg7 17.Be3 h5 18.f3 Be5 19.Qd3 Nc6 20.Rab1 Bf4 21.Bg6 Qf8 22.
Qe4 Ne5 23.Bxf4 gxf4 24.Nxf4 Bxc4 25.Rfc1 hxg4 26.hxg4 Bxa2 27.Ra1 Qg8 28.
Bf5+ Kb8 29.Qa4 Qb3 30.Qxb3 Bxb3 31.Rc3 Bf7 32.Rd1 Nc6 33.Be4 Nd4 34.Rxd4 
cxd4 35.Rd3 d5 36.Bf5 Kc7 37.Be6 Be8 38.Bxd5 Kb8 39.Kg3 Bc6 40.Rxd4 Rhf8 
41.Bxc6 Rxd4 42.Ne6 bxc6 43.Nxd4 c5 44.Ne6 Rc8 45.Kf4 c4 46.g5 a5 47.Ke4 
a4 48.g6 Re8 49.Kd5 c3 50.bxc3 a3 51.Nd4 a2 52.Nc2 Rg8 53.Kc4 Rxg6 54.Kb3 
Rg2 55.Na1 Kc7 56.f4 Kd6 57.c4 Rf2 58.Ka3 Kc5 59.f5 Kxc4 60.f6 Kc3 61.f7 
Rxf7 62.Kxa2 Rf2+ 63.Ka3 Rb2 0-1

[Event "14th EUR-ch"]
[Site "Legnica POL"]
[Date "2013.05.11"]
[Round "7"]
[White "Skytte, Rasmus"]
[Black "Simeonidis, Ioannis"]
[Result "1-0"]
[WhiteElo "2426"]
[BlackElo "2237"]
[EventDate "2013.05.05"]
[PlyCount "55"]

1.e4 c6 2.d4 d5 3.Nd2 dxe4 4.Nxe4 Bf5 5.Ng3 Bg6 6.h4 h6 7.Nh3 e6 8.Nf4 Bh7
9.Bc4 Nf6 10.O-O Bd6 11.Re1 O-O 12.Ngh5 Nbd7 13.Nxe6 fxe6 14.Rxe6 Kh8 15.
Rxd6 Nxh5 16.Qxh5 Qc7 17.Re6 Nf6 18.Qe5 Qb6 19.Bxh6 Qxb2 20.Bxg7+ Kxg7 21.
Re7+ Kh8 22.Bf7 Qxa1+ 23.Kh2 Kg7 24.Qg5+ Bg6 25.Qxg6+ Kh8 26.Qxf6+ Kh7 27.
Bg6+ Kg8 28.Qg7# 1-0

[Event "14th EUR-ch"]
[Site "Legnica POL"]
[Date "2013.05.11"]
[Round "7"]
[White "Izzat, Kanan"]
[Black "Kolosowski, Mateusz"]
[Result "0-1"]
[WhiteElo "2322"]
[BlackElo "2421"]
[EventDate "2013.05.05"]
[PlyCount "98"]

1.Nf3 Nf6 2.c4 e6 3.g3 d5 4.d4 dxc4 5.Bg2 b5 6.a4 c6 7.Ne5 Nd5 8.Nc3 Bb4 
9.Bd2 Bxc3 10.bxc3 O-O 11.O-O f6 12.Nf3 Bb7 13.Qb1 a6 14.Nh4 Nd7 15.Be4 f5
16.Bc2 Ne7 17.f3 Ng6 18.Ng2 Nf6 19.g4 fxg4 20.Bxg6 hxg6 21.Nf4 gxf3 22.
exf3 e5 23.Nxg6 exd4 24.Nxf8 Kxf8 25.Qg6 Nd5 26.Bg5 Qe8 27.Qh7 Qe5 28.Bh4 
Ne3 29.cxd4 Qf5 30.Be7+ Kxe7 31.Qxg7+ Kd6 32.Qh6+ Qe6 33.Qxe6+ Kxe6 34.
Rfe1 Kd5 35.Rxe3 Kxd4 36.Re7 Rg8+ 37.Kf2 Bc8 38.axb5 cxb5 39.Rd1+ Kc3 40.
Re3+ Kc2 41.Ree1 Bf5 42.Rd6 Rg6 43.Re2+ Kb3 44.Rxg6 Bxg6 45.Re6 Bd3 46.h4 
c3 47.Ke3 c2 48.Kd2 Kb2 49.Re1 Bh7 0-1

[Event "14th EUR-ch"]
[Site "Legnica POL"]
[Date "2013.05.11"]
[Round "7"]
[White "Lewtak, Damian"]
[Black "Kanovsky, David"]
[Result "0-1"]
[WhiteElo "2224"]
[BlackElo "2404"]
[EventDate "2013.05.05"]
[PlyCount "80"]

1.e4 c5 2.Nf3 e6 3.b3 b6 4.Bb2 Bb7 5.e5 Nc6 6.d4 cxd4 7.Bb5 Bb4+ 8.Nbd2 
Nge7 9.a3 Bc3 10.Bxc3 dxc3 11.Ne4 O-O 12.Nd6 Qc7 13.Qd3 Ng6 14.Qxc3 Ngxe5 
15.Nxe5 Qxd6 16.Bxc6 dxc6 17.Rd1 Qxa3 18.O-O Rfd8 19.Rxd8+ Rxd8 20.Ra1 Qd6
21.h4 a5 22.Nc4 Qc7 23.Qg3 Qxg3 24.fxg3 c5 25.Nxb6 Rd2 26.Rxa5 Rxc2 27.Nc4
g6 28.Rxc5 Rxg2+ 29.Kf1 Rxg3 30.b4 Rg4 31.b5 Rxh4 32.Nd6 Bd5 33.Rc7 Rb4 
34.Ke1 h5 35.Kd2 h4 36.Kc3 Rb3+ 37.Kd4 h3 38.Rc8+ Kg7 39.Ne8+ Kh6 40.Nc7 
Kg5 0-1

[Event "14th EUR-ch"]
[Site "Legnica POL"]
[Date "2013.05.11"]
[Round "7"]
[White "Musialkiewicz, Pawel"]
[Black "Mazur, Stefan"]
[Result "1-0"]
[WhiteElo "2160"]
[BlackElo "2402"]
[EventDate "2013.05.05"]
[PlyCount "99"]

1.d4 Nf6 2.c4 g6 3.Nc3 Bg7 4.e4 d6 5.f3 O-O 6.Be3 a6 7.Qd2 Nbd7 8.Bd3 c5 
9.Nge2 cxd4 10.Nxd4 Ne5 11.Be2 b6 12.O-O Bb7 13.Rac1 Rc8 14.b3 e6 15.Rfd1 
Qc7 16.Bf1 Ned7 17.Qf2 Qb8 18.Nde2 Ba8 19.Nf4 Kh8 20.h4 Rfe8 21.a4 Kg8 22.
b4 Ne5 23.Nb1 Bh6 24.Nh5 Nxh5 25.Bxh6 Bxe4 26.fxe4 Ng4 27.Qf3 Nxh6 28.g4 
Ng7 29.g5 Nhf5 30.exf5 Nxf5 31.Qf2 a5 32.b5 d5 33.Nd2 Red8 34.cxd5 Rxd5 
35.Ne4 Rxc1 36.Rxc1 Kg7 37.Re1 Rd4 38.Bh3 Qd8 39.h5 Rxa4 40.h6+ Kf8 41.
Bxf5 gxf5 42.Nf6 Rb4 43.Nxh7+ Kg8 44.Nf6+ Kh8 45.Qe2 Qd4+ 46.Qe3 Qh4 47.
Rd1 Rg4+ 48.Nxg4 Qxg4+ 49.Kf2 Kh7 50.Qd4 1-0

[Event "14th EUR-ch"]
[Site "Legnica POL"]
[Date "2013.05.11"]
[Round "7"]
[White "Nikolaidis, Konstantinos"]
[Black "Holzke, Frank"]
[Result "0-1"]
[WhiteElo "2238"]
[BlackElo "2499"]
[EventDate "2013.05.05"]
[PlyCount "68"]

1.e4 c5 2.Nf3 d6 3.d4 cxd4 4.Nxd4 Nf6 5.Nc3 a6 6.h3 e6 7.g4 Be7 8.g5 Nfd7 
9.h4 b5 10.a3 Bb7 11.Be3 Nc6 12.Nxc6 Bxc6 13.Qd4 O-O 14.Rg1 Rb8 15.h5 a5 
16.g6 fxg6 17.hxg6 Ne5 18.gxh7+ Kh8 19.O-O-O b4 20.f4 bxc3 21.fxe5 cxb2+ 
22.Kb1 dxe5 23.Qxd8 Rfxd8 24.Rxd8+ Rxd8 25.Bd3 Bxa3 26.Ka2 Rb8 27.Rb1 Be7 
28.Rxb2 Rxb2+ 29.Kxb2 Kxh7 30.Bb6 a4 31.Bc7 Bf6 32.c4 g5 33.Ka3 Kg6 34.Bd6
g4 0-1

[Event "14th EUR-ch"]
[Site "Legnica POL"]
[Date "2013.05.11"]
[Round "7"]
[White "Simacek, Pavel"]
[Black "Buchal, Stephan"]
[Result "1-0"]
[WhiteElo "2498"]
[BlackElo "2315"]
[EventDate "2013.05.05"]
[PlyCount "51"]

1.d4 g6 2.e4 Bg7 3.Nf3 d6 4.c3 Nf6 5.Bd3 O-O 6.h3 Nc6 7.O-O e5 8.Re1 Nd7 
9.Bg5 Qe8 10.Na3 a6 11.Nc2 f5 12.exf5 gxf5 13.Nh4 Nb6 14.Ne3 e4 15.Be2 Ne7
16.Bh5 Ng6 17.f4 Bf6 18.Bxf6 Rxf6 19.g4 Qf8 20.Nxg6 hxg6 21.g5 gxh5 22.
gxf6 Qh6 23.Kh1 Qxf6 24.Rg1+ Kf8 25.Rg8+ Kf7 26.Qxh5+ 1-0

[Event "14th EUR-ch"]
[Site "Legnica POL"]
[Date "2013.05.11"]
[Round "7"]
[White "Donchenko, Alexander"]
[Black "Rindlisbacher, Lars"]
[Result "1/2-1/2"]
[WhiteElo "2452"]
[BlackElo "2312"]
[EventDate "2013.05.05"]
[PlyCount "94"]

1.c4 c5 2.g3 Nc6 3.Bg2 e5 4.Nc3 g6 5.Nf3 Bg7 6.O-O Nge7 7.a3 d6 8.b4 a5 9.
bxc5 dxc5 10.Rb1 b6 11.d3 O-O 12.Bd2 Rb8 13.Ne1 f5 14.Bg5 Bf6 15.Bxf6 Rxf6
16.Rb2 Bd7 17.Qb1 Nd4 18.e3 Ne6 19.f4 Qc7 20.Nf3 exf4 21.gxf4 Bc6 22.Qc2 
Nd8 23.Rfb1 Nf7 24.Qf2 Rd6 25.Ne1 Qd8 26.Bxc6 Rxc6 27.Na4 Qc7 28.Rb3 Re6 
29.Rb5 Rc6 30.Nf3 Rd8 31.R5b3 Nc8 32.Qb2 Re6 33.Kf2 Qe7 34.Re1 Rdd6 35.Qb1
Qd7 36.Nb2 Ne7 37.d4 cxd4 38.exd4 Rxe1 39.Qxe1 Re6 40.Re3 Rxe3 41.Qxe3 Nd6
42.Ng5 h6 43.Qe6+ Qxe6 44.Nxe6 Kf7 45.Nc7 g5 46.Ke3 g4 47.c5 bxc5 1/2-1/2

[Event "14th EUR-ch"]
[Site "Legnica POL"]
[Date "2013.05.11"]
[Round "7"]
[White "Perunovic, Miodrag"]
[Black "Przezdziecka, Marta"]
[Result "1/2-1/2"]
[WhiteElo "2430"]
[BlackElo "2302"]
[EventDate "2013.05.05"]
[PlyCount "120"]

1.d4 Nf6 2.Nf3 g6 3.Bg5 d5 4.e3 Bg7 5.Nbd2 O-O 6.c3 b6 7.Bd3 Bb7 8.O-O 
Nbd7 9.h3 Ne4 10.Bf4 f6 11.Nxe4 dxe4 12.Bc4+ Kh8 13.Nd2 e5 14.dxe5 Nxe5 
15.Bxe5 fxe5 16.Qe2 Qh4 17.Ba6 Bc6 18.Qg4 Qxg4 19.hxg4 Rad8 20.Rad1 Bf6 
21.Be2 a5 22.Nb1 Be7 23.Rxd8 Rxd8 24.Rd1 Rxd1+ 25.Bxd1 Bb5 26.Nd2 Bd3 27.
Bb3 Kg7 28.Bd5 Be2 29.Be6 Bd3 30.Kh2 b5 31.Bd5 b4 32.c4 a4 33.Bxe4 Be2 34.
Kg3 Bd1 35.f3 b3 36.a3 Bc2 37.Kf2 Bf6 38.Ke2 g5 39.Nf1 Bxe4 40.fxe4 c5 41.
Ng3 Kf7 42.Kd3 Bd8 43.Ne2 Ba5 44.Nc1 Ke6 45.Ke2 Kd6 46.Nd3 Bd8 47.Nf2 Ke6 
48.Kd3 Ba5 49.Nh3 Kf6 50.Ng1 Ke6 51.Ne2 Be1 52.Nc1 Ba5 53.Ke2 Kd6 54.Nd3 
Bd8 55.Nf2 Ba5 56.Kd3 Ke6 57.Ke2 Kd6 58.Kd3 Ke6 59.Nh3 Kf6 60.Ng1 Ke6 
1/2-1/2

[Event "14th EUR-ch"]
[Site "Legnica POL"]
[Date "2013.05.11"]
[Round "7"]
[White "Leiber, Bernard"]
[Black "Goumas, Georgios"]
[Result "1-0"]
[WhiteElo "2209"]
[BlackElo "2410"]
[EventDate "2013.05.05"]
[PlyCount "59"]

1.d4 d6 2.e4 Nf6 3.Nc3 g6 4.f3 c6 5.Be3 b5 6.Qd2 Nbd7 7.g4 Nb6 8.b3 Bg7 9.
Nge2 b4 10.Nd1 a5 11.a3 bxa3 12.Rxa3 h5 13.g5 Nfd7 14.Bg2 O-O 15.O-O c5 
16.Nf2 a4 17.Rb1 Ba6 18.Nc3 axb3 19.cxb3 cxd4 20.Bxd4 Ne5 21.Rba1 Bb7 22.
Ra7 Nc6 23.Rxa8 Bxa8 24.Bxg7 Kxg7 25.Nfd1 Nd7 26.Ne3 Qb6 27.Rb1 Nd4 28.Qf2
Ne5 29.Kh1 Ne6 30.Nf5+ 1-0

[Event "14th EUR-ch"]
[Site "Legnica POL"]
[Date "2013.05.11"]
[Round "7"]
[White "Marjanovic, Dejan"]
[Black "Vesterbaek Pedersen, Nicolai"]
[Result "1-0"]
[WhiteElo "2186"]
[BlackElo "2406"]
[EventDate "2013.05.05"]
[PlyCount "125"]

1.e4 e5 2.Nf3 Nc6 3.Nc3 Nf6 4.Bb5 Bd6 5.a3 O-O 6.d3 h6 7.O-O Re8 8.h3 Bc5 
9.Re1 Nd4 10.Bc4 c6 11.Ba2 d6 12.Be3 Nxf3+ 13.Qxf3 Bxe3 14.Qxe3 Qb6 15.
Qxb6 axb6 16.Rad1 Be6 17.Bb3 Bxb3 18.cxb3 Re7 19.Re3 Ne8 20.b4 Nc7 21.d4 
Ne6 22.Ne2 Nc7 23.Nc3 Kf8 24.Kf1 Ke8 25.Red3 Ne6 26.Ne2 Nc7 27.Nc3 f6 28.
g3 Ne6 29.d5 Nd4 30.dxc6 bxc6 31.Ne2 c5 32.Nc3 Rb7 33.Nd5 Kd7 34.Rc1 Ke6 
35.Kg2 f5 36.f3 Rf8 37.Rcc3 g5 38.Rd2 h5 39.g4 hxg4 40.hxg4 fxg4 41.fxg4 
Rh7 42.Rh3 Rh4 43.Rxh4 gxh4 44.Rf2 h3+ 45.Kg3 Rxf2 46.Kxf2 Ne2 47.Nxb6 
cxb4 48.a4 Nc3 49.Kg3 Nxe4+ 50.Kxh3 d5 51.a5 Nc5 52.g5 d4 53.Kg4 e4 54.Kf4
e3 55.Kf3 Kd6 56.g6 Ke6 57.Nd5 b3 58.Nc7+ Kf6 59.a6 Nxa6 60.Nxa6 Kxg6 61.
Nb4 Kf6 62.Nc6 Ke6 63.Nxd4+ 1-0

[Event "14th EUR-ch"]
[Site "Legnica POL"]
[Date "2013.05.11"]
[Round "7"]
[White "Schroll, Gerhard"]
[Black "Curic, Drazen"]
[Result "1-0"]
[WhiteElo "2387"]
[BlackElo "2258"]
[EventDate "2013.05.05"]
[PlyCount "81"]

1.d4 Nf6 2.Nf3 g6 3.Bf4 Bg7 4.e3 O-O 5.h3 c5 6.Nbd2 b6 7.Be2 Bb7 8.O-O d6 
9.Bh2 Nbd7 10.a4 a6 11.c3 Qc7 12.Qb3 Bc6 13.Rfe1 Qb7 14.Bf1 Ne4 15.Nxe4 
Bxe4 16.Rad1 Nf6 17.Nd2 Bd5 18.c4 Bc6 19.d5 Be8 20.e4 Nd7 21.f4 e5 22.dxe6
fxe6 23.Nf3 Qc6 24.e5 dxe5 25.fxe5 Bf7 26.Rd6 Qc7 27.Red1 Nb8 28.Qxb6 Qxb6
29.Rxb6 Ra7 30.b3 Rc8 31.Bd3 Nd7 32.Rd6 Bf8 33.Bc2 Bxd6 34.exd6 Rb7 35.h4 
Re8 36.Ne5 Nxe5 37.Bxe5 Rd8 38.Be4 Rbd7 39.b4 Re8 40.b5 axb5 41.cxb5 1-0

[Event "14th EUR-ch"]
[Site "Legnica POL"]
[Date "2013.05.11"]
[Round "7"]
[White "Huber, Martin Christian"]
[Black "Tari, Aryan"]
[Result "1-0"]
[WhiteElo "2176"]
[BlackElo "2385"]
[EventDate "2013.05.05"]
[PlyCount "85"]

1.Nf3 d5 2.d4 Nf6 3.c4 dxc4 4.e3 b5 5.a4 b4 6.Bxc4 e6 7.O-O Be7 8.Nbd2 O-O
9.b3 Bb7 10.Bb2 c5 11.Rc1 cxd4 12.Nxd4 Nbd7 13.Qe2 Qb6 14.Bd3 Rfc8 15.Nc4 
Qc5 16.e4 Qg5 17.f4 Qg4 18.Qxg4 Nxg4 19.Na5 Rxc1 20.Rxc1 Nc5 21.Rxc5 Bxc5 
22.Nxb7 Bf8 23.h3 Ne3 24.Be2 Rb8 25.Na5 Bc5 26.Kf2 Nc2 27.Nc6 Rc8 28.Kf3 
Nxd4+ 29.Nxd4 Rd8 30.Ke3 g5 31.g3 Kf8 32.e5 gxf4+ 33.gxf4 Ke7 34.Kd3 Rc8 
35.Bf3 Kd7 36.a5 Bf8 37.Bb7 Rc5 38.a6 Kc7 39.Nc2 Ra5 40.Ne3 Kb8 41.Nc4 Rc5
42.Bd4 Rc7 43.Na5 1-0

[Event "14th EUR-ch"]
[Site "Legnica POL"]
[Date "2013.05.11"]
[Round "7"]
[White "Pogosian, Vladimir"]
[Black "Petrisor, Adrian-Marian"]
[Result "0-1"]
[WhiteElo "2132"]
[BlackElo "2378"]
[EventDate "2013.05.05"]
[PlyCount "80"]

1.e4 c5 2.Ne2 Nc6 3.Nbc3 g6 4.Nf4 Bg7 5.h4 h5 6.d3 d6 7.Be3 Nf6 8.Nfd5 
Nxd5 9.exd5 Nd4 10.Ne4 Nf5 11.Bc1 b5 12.d4 c4 13.a4 Bb7 14.axb5 Bxd5 15.
Nc3 Bb7 16.Be3 Nxe3 17.fxe3 Qc8 18.Qe2 d5 19.g3 e5 20.Bg2 O-O 21.O-O-O e4 
22.Bh3 f5 23.Kd2 a6 24.bxa6 Rxa6 25.Ra1 Qa8 26.Rxa6 Qxa6 27.Rb1 Qd6 28.Qf2
Bh6 29.Ne2 Ra8 30.Nf4 Ra2 31.Qe1 Ba6 32.Kd1 Bf8 33.Bf1 Kh7 34.Be2 Bb7 35.
Kc1 Qb6 36.c3 Qa5 37.Bxh5 gxh5 38.Qe2 Kg8 39.Qxh5 Qc7 40.Qxf5 Qf7 0-1

[Event "14th EUR-ch"]
[Site "Legnica POL"]
[Date "2013.05.11"]
[Round "7"]
[White "Tomazini, Zan"]
[Black "Musialkiewicz, Jan"]
[Result "0-1"]
[WhiteElo "2370"]
[BlackElo "2256"]
[EventDate "2013.05.05"]
[PlyCount "80"]

1.e4 c5 2.c3 d5 3.exd5 Qxd5 4.d4 g6 5.Nf3 Bg7 6.Na3 cxd4 7.Bc4 Qe4+ 8.Be3 
Nh6 9.cxd4 O-O 10.Nb5 Nc6 11.O-O Bg4 12.Be2 Nf5 13.Bg5 Nd6 14.Nc3 Qf5 15.
Be3 Rfd8 16.h3 Bxf3 17.Bxf3 Nb5 18.Bg4 Nxc3 19.bxc3 Qa5 20.Qb3 Qc7 21.Bg5 
Re8 22.f4 e6 23.Rac1 Na5 24.Qb4 Nc4 25.Be2 Ne3 26.Rf3 Nf5 27.Re1 h6 28.g4 
hxg5 29.gxf5 exf5 30.fxg5 Qd8 31.Qxb7 Qxg5+ 32.Kf1 Rab8 33.Qxa7 Qd2 34.Qa6
Rb2 35.a4 Bf6 36.Rg3 Kg7 37.Rg2 Bh4 38.Ra1 Qf4+ 39.Kg1 Qe3+ 40.Kf1 Re4 0-1

[Event "14th EUR-ch"]
[Site "Legnica POL"]
[Date "2013.05.11"]
[Round "7"]
[White "Pavlidis, Anastasios"]
[Black "Sahitaj, Naim"]
[Result "1-0"]
[WhiteElo "2360"]
[BlackElo "2256"]
[EventDate "2013.05.05"]
[PlyCount "98"]

1.e4 e6 2.d4 d5 3.Nc3 Nf6 4.e5 Nfd7 5.f4 c5 6.Nf3 Nc6 7.Be3 a6 8.Qd2 b5 9.
Qf2 Qb6 10.Bd3 g6 11.dxc5 Bxc5 12.Bxc5 Qxc5 13.Qxc5 Nxc5 14.Ne2 Bd7 15.
Ned4 Ke7 16.Nxc6+ Bxc6 17.Nd4 Kd7 18.Kd2 Kc7 19.c3 Kb6 20.b4 Nd7 21.a4 
bxa4 22.Nxc6 Kxc6 23.Rxa4 Nb6 24.Ra5 Kb7 25.Rha1 Nc4+ 26.Bxc4 dxc4 27.Rc5 
Rhd8+ 28.Ke2 Rac8 29.Rxc8 Rxc8 30.Rd1 Kc6 31.Rd6+ Kb5 32.Ke3 Rc7 33.Kd4 
Ra7 34.Rd8 Rb7 35.g4 h5 36.gxh5 gxh5 37.h4 Rc7 38.Rb8+ Ka4 39.Rb6 Ra7 40.
f5 exf5 41.Kxc4 Rc7+ 42.Kd4 Kb3 43.Rxa6 Rc4+ 44.Kd5 Kxc3 45.Rf6 Rxb4 46.
Rxf7 Rb5+ 47.Ke6 Kd4 48.Rxf5 Ke4 49.Kf6 Rb8 1-0

[Event "14th EUR-ch"]
[Site "Legnica POL"]
[Date "2013.05.11"]
[Round "7"]
[White "Szostko, Jakub"]
[Black "Szwed, Jacek"]
[Result "0-1"]
[WhiteElo "1850"]
[BlackElo "2354"]
[EventDate "2013.05.05"]
[PlyCount "80"]

1.Nf3 d5 2.c4 dxc4 3.Qa4+ Nd7 4.Qxc4 a6 5.d4 Ngf6 6.Bf4 c6 7.e3 e6 8.Be2 
c5 9.dxc5 Nxc5 10.O-O b5 11.Qc2 Bb7 12.Rd1 Qb6 13.Nc3 Rc8 14.Rac1 Be7 15.
h3 O-O 16.a3 Nce4 17.Qb3 Nxc3 18.Rxc3 Rxc3 19.Qxc3 Nd5 20.Qb3 Nxf4 21.exf4
Bc5 22.Rf1 Rd8 23.Qc2 Rc8 24.Qd2 Rd8 25.Qc2 Bd6 26.Ng5 g6 27.Bf3 Bxf3 28.
Nxf3 Bxf4 29.Rd1 Rxd1+ 30.Qxd1 Qc7 31.b3 Kf8 32.a4 bxa4 33.bxa4 Ke7 34.Qf1
Qc1 35.Qxc1 Bxc1 36.Kf1 Kd6 37.Nd4 Kd5 38.Nb3 Bg5 39.Na5 Bd8 40.Nb7 Bc7 
0-1

[Event "14th EUR-ch"]
[Site "Legnica POL"]
[Date "2013.05.11"]
[Round "7"]
[White "Vuilleumier, Alexandre"]
[Black "Iwanow, Anna"]
[Result "1-0"]
[WhiteElo "2319"]
[BlackElo "2195"]
[EventDate "2013.05.05"]
[PlyCount "89"]

1.e4 c5 2.Nf3 e6 3.c3 d5 4.e5 Nc6 5.d4 Bd7 6.Be2 Nge7 7.Na3 Nf5 8.Nc2 Be7 
9.O-O g5 10.dxc5 Rg8 11.Nfd4 Nxe5 12.Nxf5 exf5 13.f4 gxf4 14.Bxf4 Bxc5+ 
15.Nd4 Qf6 16.b4 Bb6 17.a4 O-O-O 18.a5 Bc7 19.b5 Bd6 20.Qb3 Ng6 21.Bxd6 
Qxd6 22.a6 b6 23.Bf3 Be6 24.Rac1 Ne5 25.Rce1 Nc4 26.Qc2 f4 27.Qxh7 Rh8 28.
Qg7 Rhg8 29.Rxe6 Rxg7 30.Rxd6 Nxd6 31.Bxd5 Rg5 32.Bc6 Rc5 33.Re1 Rxc3 34.
Re7 Kb8 35.Bf3 Re8 36.Rd7 Ne4 37.h4 Rc1+ 38.Kh2 Ng3 39.Kh3 Rh1+ 40.Kg4 
Rg8+ 41.Kxf4 Rxh4+ 42.Ke3 Re8+ 43.Kd3 Nf1 44.Nf5 Kc8 45.Bc6 1-0

[Event "14th EUR-ch"]
[Site "Legnica POL"]
[Date "2013.05.11"]
[Round "7"]
[White "Pavlidis, Antonios"]
[Black "Machan, Jan"]
[Result "1-0"]
[WhiteElo "2479"]
[BlackElo "2173"]
[EventDate "2013.05.05"]
[PlyCount "35"]

1.e4 e5 2.Nf3 Nf6 3.Nc3 Nc6 4.Bb5 Nd4 5.Bc4 Nxf3+ 6.gxf3 Bc5 7.Rg1 Nh5 8.
d4 Bxd4 9.Nb5 d5 10.Bxd5 O-O 11.Bg5 Qd7 12.Nxd4 exd4 13.Qxd4 Qd6 14.O-O-O 
Qb6 15.Qc3 h6 16.Be3 Qa6 17.Rxg7+ Nxg7 18.Rg1 1-0

[Event "14th EUR-ch"]
[Site "Legnica POL"]
[Date "2013.05.11"]
[Round "7"]
[White "Matsenko, Andrei"]
[Black "Ekstroem, Roland"]
[Result "0-1"]
[WhiteElo "2212"]
[BlackElo "2461"]
[EventDate "2013.05.05"]
[PlyCount "104"]

1.e4 e5 2.Nf3 Nc6 3.Bb5 a6 4.Ba4 Nf6 5.d3 d6 6.c3 g6 7.O-O Bg7 8.Re1 O-O 
9.Nbd2 b5 10.Bc2 Bb7 11.Nf1 Nb8 12.a4 Re8 13.Ng3 Nbd7 14.d4 c5 15.d5 c4 
16.Be3 Ng4 17.Bd2 Nc5 18.h3 Nf6 19.Be3 Qc7 20.Qd2 Kh8 21.Bh6 Bxh6 22.Qxh6 
Ng8 23.Qd2 Qe7 24.Reb1 Rab8 25.axb5 axb5 26.Ra5 Bc8 27.Rba1 Bd7 28.Ra7 h6 
29.Qe3 Kg7 30.Nd2 Nf6 31.b4 cxb3 32.Nxb3 Rec8 33.Ne2 Qd8 34.Nxc5 Rxc5 35.
R1a6 Rb6 36.Bb3 Bc8 37.Ra1 Rb7 38.R7a6 Rbc7 39.Rb6 Ra7 40.Rxa7 Qxb6 41.Ra1
Qc7 42.Kh2 Qe7 43.Qd3 Nh5 44.g3 Qd7 45.g4 Nf6 46.Rf1 Qe7 47.Ng3 Nd7 48.Bd1
Qg5 49.Qf3 Qd2 50.Ne2 Ba6 51.Rg1 Nf6 52.Ng3 Rxc3 0-1

[Event "14th EUR-ch"]
[Site "Legnica POL"]
[Date "2013.05.11"]
[Round "7"]
[White "Schachinger, Mario"]
[Black "Gebigke, Martin"]
[Result "1-0"]
[WhiteElo "2443"]
[BlackElo "2158"]
[EventDate "2013.05.05"]
[PlyCount "77"]

1.d4 Nf6 2.c4 e6 3.g3 d5 4.Nf3 c6 5.Qc2 Be7 6.Bg2 O-O 7.O-O b6 8.b3 Nbd7 
9.Bb2 Ba6 10.Nbd2 Rc8 11.e4 c5 12.e5 Ne8 13.dxc5 bxc5 14.Ne1 f6 15.exf6 
Nexf6 16.Nd3 Bd6 17.Bh3 e5 18.Be6+ Kh8 19.Bxd5 Nxd5 20.cxd5 c4 21.bxc4 e4 
22.Qc3 Nf6 23.Nb4 Bb7 24.Nxe4 Bxb4 25.Qxb4 Nxe4 26.Qxb7 Qg5 27.Qxa7 Rxc4 
28.Qe3 Qxd5 29.Rad1 Qb7 30.Rd4 Rxd4 31.Bxd4 Qd5 32.Rd1 Qf5 33.Re1 Ng5 34.
f4 Nh3+ 35.Kg2 Qg4 36.Qe5 Rg8 37.Qxg7+ Qxg7 38.Bxg7+ Rxg7 39.Kxh3 1-0

[Event "14th EUR-ch"]
[Site "Legnica POL"]
[Date "2013.05.11"]
[Round "7"]
[White "Pavlidou, Ekaterini"]
[Black "Lomsadze, Davit"]
[Result "1/2-1/2"]
[WhiteElo "2209"]
[BlackElo "2370"]
[EventDate "2013.05.05"]
[PlyCount "25"]

1.d4 g6 2.c4 Bg7 3.Nc3 c5 4.d5 e5 5.d6 Nf6 6.Bg5 h6 7.Bxf6 Bxf6 8.g3 O-O 
9.Bg2 Nc6 10.e3 Bg7 11.Nge2 b6 12.Qd2 Bb7 13.O-O 
    {...}
1/2-1/2

[Event "14th EUR-ch"]
[Site "Legnica POL"]
[Date "2013.05.11"]
[Round "7"]
[White "Kantorik, Marian"]
[Black "Cherednichenko, Elena"]
[Result "1/2-1/2"]
[WhiteElo "2363"]
[BlackElo "2168"]
[EventDate "2013.05.05"]
[PlyCount "84"]

1.d4 d5 2.c4 e6 3.Nc3 Be7 4.cxd5 exd5 5.Bf4 c6 6.Nf3 Bd6 7.Bg3 Ne7 8.e3 
O-O 9.Bd3 Bf5 10.O-O Bxg3 11.hxg3 Bxd3 12.Qxd3 Nd7 13.b4 a6 14.a4 f5 15.b5
axb5 16.axb5 Rf6 17.bxc6 bxc6 18.Rfb1 Rh6 19.Ne2 Rxa1 20.Rxa1 Nf6 21.Ra7 
Ne4 22.Ne5 Rh1+ 23.Kxh1 Nxf2+ 24.Kh2 Nxd3 25.Nxd3 g5 26.Ne5 Qe8 27.Nf3 Kf8
28.Nc1 Qb8 29.Ra3 Qd6 30.Ra8+ Kg7 31.Ra7 g4 32.Nh4 Kf6 33.Nd3 Qb8 34.Rd7 
Ng6 35.Rxh7 Nxh4 36.Rxh4 Qb3 37.Nf4 Kg7 38.Rh5 Qc2 39.Rg5+ Kf7 40.Rg6 Ke7 
41.Re6+ Kd7 42.Re5 Kd6 1/2-1/2

[Event "14th EUR-ch"]
[Site "Legnica POL"]
[Date "2013.05.11"]
[Round "7"]
[White "Makolli, Perparim"]
[Black "Pappelis, Dimitrios"]
[Result "1-0"]
[WhiteElo "2286"]
[BlackElo "2055"]
[EventDate "2013.05.05"]
[PlyCount "71"]

1.e4 c5 2.Nf3 Nc6 3.d4 cxd4 4.Nxd4 Nf6 5.Nc3 e5 6.Nb3 Bb4 7.Bg5 O-O 8.Qd3 
d5 9.Bxf6 Qxf6 10.Nd2 dxe4 11.Ncxe4 Bxd2+ 12.Qxd2 Qg6 13.Ng3 Rd8 14.Bd3 f5
15.O-O Be6 16.Qe2 e4 17.Bc4 Nd4 18.Bxe6+ Qxe6 19.Qh5 f4 20.Ne2 Qh6 21.Nxf4
Qxf4 22.c3 Nc6 23.Rae1 Rd2 24.Qb5 Rf8 25.g3 Qf7 26.Rxe4 Rxf2 27.Rf4 Rxf1+ 
28.Qxf1 Qe7 29.Qc4+ Kh8 30.Re4 Qd7 31.Qe2 h6 32.b4 Rd8 33.Qf2 Qd2 34.Re8+ 
Rxe8 35.Qxd2 Ne5 36.Qd5 1-0

[Event "14th EUR-ch"]
[Site "Legnica POL"]
[Date "2013.05.11"]
[Round "7"]
[White "Papasimakopoulos, Alexandros"]
[Black "Ulanowski, Karol"]
[Result "1-0"]
[WhiteElo "2242"]
[BlackElo "2091"]
[EventDate "2013.05.05"]
[PlyCount "95"]

1.d4 Nf6 2.c4 g6 3.Nc3 Bg7 4.e4 d6 5.Nf3 O-O 6.Be2 e5 7.O-O Nc6 8.d5 Ne7 
9.Ne1 Nd7 10.Be3 f5 11.f3 f4 12.Bf2 g5 13.Rc1 Rf6 14.Nd3 Rg6 15.c5 a6 16.
c6 bxc6 17.dxc6 Nb8 18.Nb4 a5 19.Nbd5 Nbxc6 20.Nb5 Rb8 21.Nxe7+ Nxe7 22.
Rxc7 Bd7 23.Qb3+ Kh8 24.Rfc1 a4 25.Qxa4 d5 26.Qa7 Nc6 27.Rxd7 Nxa7 28.
Rxd8+ Rxd8 29.Bxa7 dxe4 30.fxe4 g4 31.Rd1 Rc8 32.Nc3 f3 33.Bf1 h5 34.gxf3 
gxf3+ 35.Kf2 Rf8 36.Bc5 Rf7 37.Bh3 Rc6 38.Rd8+ Kh7 39.b4 Bf6 40.Bf5+ Kg7 
41.Rd7 Be7 42.Rxe7 Rxe7 43.Bxe7 Rxc3 44.a4 Kf7 45.Bc5 Rc2+ 46.Kxf3 Rxh2 
47.a5 Ra2 48.Bc8 1-0